书目信息 |
| 题名: |
教学论
|
|
| 作者: | 汪刘生 主编 | |
| 分册: | ||
| 出版信息: | 合肥 中国科学技术大学出版社 1996 |
|
| 页数: | 244页 | |
| 开本: | 20cm | |
| 丛书名: | ||
| 单 册: | ||
| 中图分类: | G42 , G40 | |
| 科图分类: | ||
| 主题词: | 教育学--教材 | |
| 电子资源: | ||
| ISBN: | 7-312-00774-0 | |
| 000 | 00564n|m0 2200217 450 | |
| 001 | 1536551039 | |
| 005 | 20150126100935.12 | |
| 010 | @a7-312-00774-0@dCNY11.50 | |
| 100 | @a20021005d1996 em y0chiy0110 ea | |
| 101 | 0 | @achi |
| 102 | @aCN@b340000 | |
| 105 | @ay z 000yy | |
| 200 | 1 | @a教学论@9jiao xue lun@f汪刘生主编 |
| 210 | @a合肥@c中国科学技术大学出版社@d1996 | |
| 215 | @a244页@d20cm | |
| 606 | 0 | @a教育学@x教材 |
| 690 | @aG42@v5 | |
| 690 | @aG40@v4 | |
| 701 | 0 | @a汪刘生@9wang liu sheng@4主编 |
| 801 | 0 | @aCN@bTSSF@c20150126 |
| 905 | @aZUCC@dG40@eJY28 | |
| 教学论/汪刘生主编.-合肥:中国科学技术大学出版社,1996 |
| 244页;20cm |
| ISBN 7-312-00774-0:CNY11.50 |
| ● |
| 相关链接 |
|
|
|
|
正题名:教学论
索取号:G40/JY28
 
预约/预借
| 序号 | 登录号 | 条形码 | 馆藏地/架位号 | 状态 | 备注 |
| 1 | 7859833 | 278598331 | 学院路分馆/ [索取号:G40/JY28] | 在馆 | |
| 2 | 7859834 | 278598340 | 学院路分馆/ [索取号:G40/JY28] | 在馆 |